MDQL
is popping MORE tags! Check the
thread
!
Quizzes
Events
Quiz Creation
Community
Videos
Private Events
Remove Ads
Sign In
Join for FREE
Feedback
Dark Mode
Quiz Categories
Sports
Geography
Music
Movies
Television
Just For Fun
Miscellaneous
History
Literature
Language
Science
Gaming
Entertainment
Religion
Holiday
For Kids
Quiz Lab
Recent
Popular Today
Quiz Kudos Today
Editor Picks
Curator Picks
Quizzes by...
Day
Popularity
Type
Ratings
Length
Year
Community
Subscriptions
Recent Discussions
Orange Saloon
Badges
Playlists
Quests
Create
Leaderboards
Showdown
Live 5
Trivia Bingo
Activity
Puzzle Library
Sporcle Events
Private Events
Virtual Trivia
Globe League
Become a Host
Pub Owners
SporcleCon
Opinionation
Our Games
Videos
Blog
Mobile Apps
Partnerships
Remove Ads and Go Orange
Feedback
Sports
Athletes
MLB
NBA
NHL
NFL
Soccer
Sports Teams
WWE
NCAA
Football
Premier League
Basketball
Baseball
Hockey
Golf
Tennis
Cricket
Rugby
Auto Racing
Olympics
World Cup
Sports
Athletes
MLB
NBA
NHL
NFL
Soccer
Sports Teams
WWE
NCAA
Football
Premier League
Basketball
Baseball
Hockey
Golf
Tennis
Cricket
Rugby
Auto Racing
Olympics
World Cup
Random Quiz
Search Sporcle
×
Curator Pick
Curator Pick
Sports
Premier League
Type answers based on single images at one time
Type answers based on single images at one time
Slideshow
Best Score? Go Orange.
Name the Premier League Goalkeeper (Slideshow) Stats
Name the Premier League Goalkeeper with 50 or more Clean Sheets?
By
joshhiscottrugby
6m
38 Questions
2,572 Plays
2,572 Plays
2,572 Plays
Comments
Comments
Give Quiz Kudos
Give Quiz Kudos
-
- Ratings
hide this ad
Replay
Link that replays current quiz
Next Quiz
Link to next quiz in quiz playlist
You Got
0%
They Got
Avg Score
52%
Avg Friend Score
Upgrade to see
Score Distribution
Jump to the score distribution portion of the page
Score
0/38
Timer
06:00
0
Plays Today
% Correct
Petr Cech
92.8%
David James
90%
Tim Howard
87.8%
Joe Hart
87.1%
David Seaman
87%
Edwin van der Sar
85.1%
Jose Reina
83.8%
Brad Friedel
77.8%
Mark Schwarzer
76.8%
Peter Schmeichel
76.7%
Shay Given
76.6%
David de Gea
76.4%
Simon Mignolet
73.8%
Paul Robinson
67.7%
Ben Foster
67.1%
Rob Green
61.5%
Jens Lehmann
60.3%
Asmir Begovic
57.6%
Jerzy Dudek
56.3%
% Correct
Carlo Cudicini
47.9%
Thomas Sorensen
47.3%
Mark Bosnich
46%
Nigel Martyn
44.5%
Chris Kirkland
44%
Tim Flowers
43.9%
Neville Southall
43%
Ian Walker
40.4%
Kasey Keller
40%
Dean Kiely
28.5%
John Lukic
22.4%
Neil Sullivan
21.9%
Paul Jones
20.8%
Steve Ogrizovic
20.1%
Kevin Pressman
18.6%
Mark Crossley
14.4%
Shaka Hislop
9%
Jussi Jaaskelainen
8.7%
Pavel Srnicek
4.4%
Quiz Playlist
Details
Report
Send in Message
Add To Playlist
Slideshow:
Type answers based on single images at one time
Last Updated: Sep 16, 2017
Curator Pick in
Premier League
Quiz Scoreboard
CHALLENGE
Sign Up to Join the Scoreboard
Show All
Scores
Hide
Comments
May contain spoilers
Recently Published
Image Sorting: Flags VI
by Barbecue
Geography
2m
Find the 'City' Movie
by crazypaving
Movies
60s
Colored Red Africa Blitz
by spor1
Geography
45s
More to Explore
Quiz From the Vault
Featured Blog Post
14 Easter Pick-up Lines to Find Eggs With
hide this ad
You Might Also Like...
Tags
Premier League Quiz
Goalkeeper
Keeper
Slideshow
Today's Top Quizzes in Sports
Browse Sports
hide this ad
Today's Top Quizzes in Premier League
Browse Premier League
Top Contributed Quizzes in Sports
1
Les meilleurs buteurs des matchs entre le PSG et l’OM
2
Les entraîneurs de l'OM et du PSG au 21e siècle
3
Les joueurs passés par le PSG et l'OM
4
2022 World Cup Stars
5
Players with Multiple 50 Home Run Seasons
6
Criteria MLB: Left Handed Sluggers
7
Les joueurs passés par le LOSC et le RC Lens
8
NBA Logic Puzzle 2.0
9
MLB Players with Two .350 Batting Average Seasons
10
FIFA Club World Cup Champions
Explore More
Trending Topics
Marvel
Anime
Crossword
Kpop
Disney
Harry Potter
NBA
WWE
The Office
Soccer
Song
NFL
Puzzle
Country
Pokémon
hide this ad
More By:
joshhiscottrugby
Quiz
Plays
Rating
Category
Featured
Created
2015-16 Premier League Clean Sheets
233
5.00
Sports
Apr 7, 2016
Did Steven Gerrard win the Premier League?
25,665
3.64
Sports
Apr 8, 2016
Name the Premier League Goalkeeper (Slideshow)
2,572
2.86
Sports
Apr 8, 2016
Premier League 2015-2016 Top Scorer by Nationality
698
4.33
Sports
Apr 7, 2016
Top 3 Goalscorers per Premier League Club 2015-16
485
4.50
Sports
Apr 7, 2016
Premier League Top Scorers by Nationality 2016-17
378
4.00
Sports
Apr 5, 2017
Go to Creator's Profile
Score Distribution
Quiz Creator Spotlight
joshhiscottrugby
Follow
Send a Message
Quizzes Created
-
Created Quiz Play Count
-
More By This Creator
Popular Quizzes Today
1
Colored Red Africa Blitz
2
Find the US States - No Outlines Minefield
3
Find the 'City' Movie
4
5x2 Blitz: Bands
5
The Countries of the World
6
Find the US States
7
Find the Countries of Europe - No Outlines Minefield
8
US States
More Sports Quizzes
English Football League Promotion & Relegation 21/22
Quiz Lab
Trending Quizzes
Colored Red Europe Blitz I
Colored Red Europe Blitz II
Colored Red Africa Blitz II
Colored Red Europe Blitz III
Colored Red Africa Blitz III
Recently Updated
How Do You Spell That?
pecheneg
Godzilla Movies
pecheneg
Grab Bag: 4-10 Letters
pecheneg
2024 March Madness Bracket
pecheneg
Famous TV Couples
Peacemaker
Champions League XIs: Real Madrid
pecheneg
Largest US Cities 1790-2010
pecheneg
Rides in Walt Disney World
pecheneg
Most Oscar Losses (Acting)
pecheneg
Beyoncé Albums
pecheneg
Trending Topics
Anime
Harry Potter
Marvel
Kpop
Disney
Crossword
NBA
NFL
Pokémon
Country
Soccer
The Office
Puzzle
Song
WWE
Your Account Isn't Verified!
In order to create a playlist on Sporcle, you need to verify the email address you used during registration. Go to your
Sporcle Settings
to finish the process.
Report this User
Report this user for behavior that violates our
Community Guidelines
.
Details:
Send Report
Go to the Sporcle.com Mobile Site →
Comments